All Nations Represented in the 2024/25 Premier League - Statistics

General Stats
  • This quiz has been taken 52 times
    37 since last reset
  • The average score is 53 of 62
Answer Stats
Hint Answer % Correct
14 Argentina
100%
2 Canada
100%
188 England
100%
26 France
100%
16 Ireland
100%
21 Netherlands
100%
19 Portugal
100%
11 Scotland
100%
20 Spain
100%
10 Wales
100%
10 Belgium
96%
33 Brazil
96%
3 Greece
96%
6 Norway
96%
9 Sweden
96%
6 United States of America
96%
2 Austria
93%
5 Colombia
93%
16 Denmark
93%
3 Egypt
93%
9 Italy
93%
5 Japan
93%
3 Mexico
93%
7 Nigeria
93%
4 Northern Ireland
93%
5 Poland
93%
2 Serbia
93%
3 South Korea
93%
3 Australia
89%
2 Democratic Republic of The Congo
89%
2 Ecuador
89%
12 Germany
89%
7 Ghana
89%
1 Slovakia
89%
1 Algeria
86%
1 Finland
86%
2 Hungary
86%
4 Paraguay
86%
2 Switzerland
86%
6 Côte d'Ivoire
82%
2 Croatia
82%
3 Morocco
82%
1 New Zealand
82%
5 Senegal
82%
4 Türkiye
82%
5 Ukraine
82%
4 Uruguay
82%
3 Cameroon
79%
4 Czechia
79%
1 Iceland
79%
4 Jamaica
79%
1 Romania
79%
1 Bosnia & Herzegovina
75%
4 Mali
75%
1 Albania
71%
1 Kosovo
71%
1 Uzbekistan
64%
1 Zambia
64%
1 Zimbabwe
54%
1 Guinea-Bissau
46%
1 The Gambia
46%
2 Burkina Faso
39%
No matching quizzes found
Score Distribution
Percent of People with Each Score
Percentile by Number Answered
Your Score History
You have not taken this quiz since the last reset